| 000 | 00483cam a2200169 i 4500 | ||
|---|---|---|---|
| 020 | _a0844807672 (pbk.) | ||
| 082 | 0 | 0 |
_a669 _bCOT _cD |
| 100 | 1 |
_aCottrell, Alan, _944873 |
|
| 245 | 1 | 3 |
_aAn introduction to metallurgy / _cAlan Cottrell. |
| 250 | _a2d ed., SI units. | ||
| 260 |
_aNew York : _bCrane, Russak, _c1975. |
||
| 300 |
_ax, 548 p. : _bill. ; _c23 cm. |
||
| 526 |
_a0 _b0 _c0 _d669_000000000000000_COT |
||
| 650 | 0 |
_aMCE _9379 |
|
| 650 | 0 |
_aMetallurgy. _925466 |
|
| 942 |
_2ddc _cBK |
||
| 999 |
_c548524 _d548524 |
||